A Textbook of Nursing Research and Statistics 7th semester (Record no. 366216)
[ view plain ]
| 000 -LEADER | |
|---|---|
| fixed length control field | 00842nam a22002057a 4500 |
| 005 - DATE AND TIME OF LATEST TRANSACTION | |
| control field | 20250822131420.0 |
| 008 - FIXED-LENGTH DATA ELEMENTS--GENERAL INFORMATION | |
| fixed length control field | 250506b |||||||| |||| 00| 0 eng d |
| 020 ## - INTERNATIONAL STANDARD BOOK NUMBER | |
| International Standard Book Number | 9781543348446 |
| 041 ## - LANGUAGE CODE | |
| Language code of text/sound track or separate title | Eng. |
| 082 ## - DEWEY DECIMAL CLASSIFICATION NUMBER | |
| Classification number | 610.724/KUM |
| 100 ## - MAIN ENTRY--PERSONAL NAME | |
| Author | Kumar Vinod |
| 245 ## - TITLE STATEMENT | |
| Title | A Textbook of Nursing Research and Statistics 7th semester |
| 260 ## - PUBLICATION, DISTRIBUTION, ETC. | |
| Place of publication, distribution, etc. | Jalandhar |
| Name of publisher, distributor, etc. | S Vikas and Company |
| Date of publication, distribution, etc. | 2025 |
| 300 ## - PHYSICAL DESCRIPTION | |
| Extent | 305 P. |
| 365 ## - TRADE PRICE | |
| Price type code | Rs |
| Price amount | 455 |
| Currency code | Rs |
| 500 ## - GENERAL NOTE | |
| Keywords | Nursing research and statistics are crucial for B.Sc. nursing students to understand and apply evidence-based practice. It involves using research methods to analyze phenomena in nursing, data collection, statistical analysis, and interpretation of results to improve patient care and nursing practice |
| 650 ## - SUBJECT ADDED ENTRY--TOPICAL TERM | |
| Topical term or geographic name entry element | Research |
| 700 ## - ADDED ENTRY--PERSONAL NAME | |
| Personal name | Kumar Vinod |
| 942 ## - ADDED ENTRY ELEMENTS (KOHA) | |
| Koha item type | Donated Book |
| Withdrawn status | Lost status | Source of classification or shelving scheme | Damaged status | Not for loan | Home library | Current library | Date acquired | Vendor | Net Price | Full call number | Barcode | Date last seen | Actual Price | Bill Date | Koha item type |
|---|---|---|---|---|---|---|---|---|---|---|---|---|---|---|---|
| Dewey Decimal Classification | Sitabai Nargundkar College of Nursing Nagpur | Sitabai Nargundkar College of Nursing Nagpur | 29/09/2025 | Donated By Karishma Dhok | 455.00 | 610.724/KUM | SNCN-DB-288 | 06/05/2025 | 455.00 | 26/06/2025 | Donated Book |